Quiz na kolokwium z Grecji Antycznej - Statystyki

Ogólne statystyki
  • Ten quiz został rozwiązany 4 razy
  • Średni wynik to 13 z 60
Statystyki odpowiedzi
Kraina historyczna Miasto % Poprawnych
Attyka Ateny
100%
Koryntia Korynt
75%
Lakonia Sparta
75%
Beocja Teby
75%
Argolida Argos
50%
Fokida Delfy
50%
Maraton
50%
Jonia Milet
50%
Olimpia
50%
Pireus
50%
Plateje
50%
Aigai
25%
Astakos
25%
Dyme
25%
Efez
25%
Elida Elida
25%
Fary
25%
Faryda
25%
Feneos
25%
Halikarnas
25%
Kyllene
25%
Leukas
25%
Arkadia Megalopolis
25%
Messenia Messene
25%
Mykeny
25%
Achaja Patras
25%
Macedonia Pella
25%
Pellene
25%
Pylos
25%
wyspa Rodos Rodos
25%
Sellazja
25%
Akarnania Stratos
25%
Tanagra
25%
Tegea
25%
Tyryns
25%
Abaj
0%
Ambrakia
0%
wyspa Eubea Chalkida
0%
Dium
0%
Epir Dodona
0%
Eretria
0%
Feraj
0%
Filippi
0%
Istmia
0%
Etolia Kalydon
0%
Kameiros
0%
Kassone
0%
Kirra
0%
Knyda
0%
Krannon
0%
Eolia Kyme
0%
Tesalia Larissa
0%
Lechaion
0%
Lindos
0%
Myrina
0%
Nicea
0%
Lokryda Opunt
0%
Pleuros
0%
Smyrna
0%
Thermos
0%
Nie znaleziono quizów pasujących do podanych kryteriów
Rozkład punktacji
Procent ludzi z każdym wynikiem
Percentyl według liczby udzielonych odpowiedzi
Twoja historia wyników
Nie rozwiązałeś tego quizu